Neutrinos and other matters : Selected works of Frederick Reines
This volume is a collection of the scientific papers of Frederick Reines. The selected papers here cover many aspects of his work in neutrino physics, astrophysics and conservation law tests.
Shranjeno v:
| Drugi avtorji: | , , , , |
|---|---|
| Format: | Knjiga |
| Jezik: | Vietnamese |
| Izdano: |
Singapore
World Scientific
1991
|
| Teme: | |
| Oznake: |
Označite
Brez oznak, prvi označite!
|
| Thư viện lưu trữ: | Thư viện Trường Đại học Nam Cần Thơ |
|---|
| LEADER | 01330nam a22002777a 4500 | ||
|---|---|---|---|
| 001 | NCT_82693 | ||
| 008 | 200724b xxu||||| |||| 00| 0 vie d | ||
| 999 | |c 4070 |d 4070 | ||
| 020 | |a 9810202709 | ||
| 082 | 0 | 4 | |2 23rd ed. |a 539.7 |b K784 |
| 245 | 0 | 0 | |a Neutrinos and other matters : |b Selected works of Frederick Reines |c W. Kropp ... [et al.] |
| 260 | |a Singapore |b World Scientific |c 1991 | ||
| 300 | |a xxxii, 580 p. |b ill. |c 26cm | ||
| 504 | |a Includes bibliographical references | ||
| 520 | 3 | |a This volume is a collection of the scientific papers of Frederick Reines. The selected papers here cover many aspects of his work in neutrino physics, astrophysics and conservation law tests. | |
| 653 | |a Cơ bản | ||
| 700 | 1 | |a Kropp, W | |
| 700 | 1 | |a Moe, M | |
| 700 | 1 | |a Price, L | |
| 700 | 1 | |a Schultz, J | |
| 700 | 1 | |a Sobel, H | |
| 942 | |2 ddc |c BK | ||
| 952 | |0 0 |1 0 |2 ddc |4 0 |6 539_700000000000000_K784 |7 0 |9 20004 |a 000001 |b 000001 |d 2020-07-24 |o 539.7 K784 |p MD.17457 |r 2020-07-24 |w 2020-07-24 |y BK | ||
| 952 | |0 0 |1 0 |2 ddc |4 0 |6 539_700000000000000_K784 |7 0 |9 20005 |a 000001 |b 000001 |d 2020-07-24 |o 539.7 K784 |p MD.17458 |r 2020-07-24 |w 2020-07-24 |y BK | ||
| 952 | |0 0 |1 0 |2 ddc |4 0 |6 539_700000000000000_K784 |7 0 |9 20006 |a 000001 |b 000001 |d 2020-07-24 |o 539.7 K784 |p MD.17459 |r 2020-07-24 |w 2020-07-24 |y BK | ||
| 980 | |a Thư viện Trường Đại học Nam Cần Thơ | ||


